Normal view
MARC view
- Biosensors.
Entry Topical Term
001 - CONTROL NUMBER
- control field: 12297
003 - CONTROL NUMBER IDENTIFIER
- control field: NUST
005 - DATE AND TIME OF LATEST TRANSACTION
- control field: 20180816095926.0
008 - FIXED-LENGTH DATA ELEMENTS
- fixed length control field: 180816|| aca||aabn | a|a d
040 ## - CATALOGING SOURCE
- Original cataloging agency: NUST
- Transcribing agency: NUST
150 ## - HEADING--TOPICAL TERM
- Topical term or geographic name entry element: Biosensors.
670 ## - SOURCE DATA FOUND
- Source citation: Work cat.: (NUST)0: Advances in biometrics :, c2008.
